Wireless mobile networking with ANSI-41 (Record no. 8385)

000 -LEADER
fixed length control field 00546 a2200169 4500
020 ## - INTERNATIONAL STANDARD BOOK NUMBER
International Standard Book Number 0071202900
082 ## - DEWEY DECIMAL CLASSIFICATION NUMBER
Classification number 621.3845
090 ## - LOCALLY ASSIGNED LC-TYPE CALL NUMBER (OCLC); LOCAL CALL NUMBER (RLIN)
-- 4496
-- 4496
100 ## - MAIN ENTRY--PERSONAL NAME
Personal name Gallagher, Michael D.
245 ## - TITLE STATEMENT
Title Wireless mobile networking with ANSI-41
Statement of responsibility, etc. Michael D. Gallagher
250 ## - EDITION STATEMENT
Edition statement 2nd ed.
260 ## - PUBLICATION, DISTRIBUTION, ETC.
Place of publication, distribution, etc. New York :
Name of publisher, distributor, etc. McGraw-Hill,
Date of publication, distribution, etc. c2001.
300 ## - PHYSICAL DESCRIPTION
Extent xxviii, 573 p. :
Other physical details ill. ;
Dimensions 24 cm.
500 ## - GENERAL NOTE
General note Rev. ed. of: Mobile telecommunications networking with IS-41. c1997.
650 ## - SUBJECT ADDED ENTRY--TOPICAL TERM
Topical term or geographic name entry element Personal communication service systems.
942 ## - ADDED ENTRY ELEMENTS (KOHA)
Koha item type Book
Call number prefix 621.3845 GAL
Holdings
Withdrawn status Lost status Damaged status Not for loan Collection code Permanent Location Current Location Shelving location Date acquired Source of acquisition Cost, normal purchase price Total Checkouts Full call number Barcode Date last seen Price effective from Koha item type
          Central Library (CL) Central Library (CL) General Stacks 02/04/2003 Pak Book Corporation 1446.40   621.3845 GAL SEECS003032 11/14/2012 01/05/2017 Book
© 2023 Central Library, National University of Sciences and Technology. All Rights Reserved.